A course in ordinary differential equations / (Record no. 2008)

MARC details
000 -LEADER
fixed length control field 01166nac a22003251i 4500
003 - CONTROL NUMBER IDENTIFIER
control field EG-ScBUE
005 - DATE AND TIME OF LATEST TRANSACTION
control field 20241017105234.0
008 - FIXED-LENGTH DATA ELEMENTS--GENERAL INFORMATION
fixed length control field 241017t2007 f a f b 001 0 eng d
020 ## - INTERNATIONAL STANDARD BOOK NUMBER
International Standard Book Number 1584884762 (alk. paper)
020 ## - INTERNATIONAL STANDARD BOOK NUMBER
International Standard Book Number 9781584884767
035 ## - SYSTEM CONTROL NUMBER
System control number (OCoLC)ocm71552460
035 ## - SYSTEM CONTROL NUMBER
System control number (OCoLC)71552460
040 ## - CATALOGING SOURCE
Original cataloging agency EG-ScBUE
Language of cataloging eng
Description conventions rda
Transcribing agency EG-ScBUE
Modifying agency EG-ScBUE
082 04 - DEWEY DECIMAL CLASSIFICATION NUMBER
Classification number 515.352
Item number SWI
Edition number 22
100 1# - MAIN ENTRY--PERSONAL NAME
Personal name Swift, Randall J.,
Relator term author.
245 12 - TITLE STATEMENT
Title A course in ordinary differential equations /
Statement of responsibility, etc Randall J. Swift, Stephen A. Wirkus.
264 #1 - PUBLICATION, DISTRIBUTION, ETC. (IMPRINT)
Place of publication, distribution, etc Boca Raton, FL :
Name of publisher, distributor, etc Chapman & Hall/CRC,
Date of publication, distribution, etc [2007]
264 #1 - PUBLICATION, DISTRIBUTION, ETC. (IMPRINT)
Date of publication, distribution, etc c2007
300 ## - PHYSICAL DESCRIPTION
Extent 667 pages :
Other physical details illustrations ;
Dimensions 25 cm
336 ## - CONTENT TYPE
Source rdacontent
Content type term text
Content type code txt
337 ## - MEDIA TYPE
Media type term unmediated
Source rdamedia
Media type code n
338 ## - CARRIER TYPE
Carrier type term volume
Carrier type code nc
Source rdacarrier
504 ## - BIBLIOGRAPHY, ETC. NOTE
Bibliography, etc Includes bibliographical references and index.
650 #7 - SUBJECT ADDED ENTRY--TOPICAL TERM
Topical term or geographic name as entry element Differential equations.
Source of heading or term BUEsh
650 #7 - SUBJECT ADDED ENTRY--TOPICAL TERM
Topical term or geographic name as entry element Differential equations, Linear.
Source of heading or term BUEsh
655 ## - INDEX TERM--GENRE/FORM
Form subdivision Reading book
700 1# - ADDED ENTRY--PERSONAL NAME
Personal name Wirkus, Stephen Allen,
Dates associated with a name 1971-
Relator term author.
856 42 - ELECTRONIC LOCATION AND ACCESS
Materials specified Publisher description
Uniform Resource Identifier <a href="http://www.loc.gov/catdir/enhancements/fy0668/2006049297-d.html">http://www.loc.gov/catdir/enhancements/fy0668/2006049297-d.html</a>
942 ## - ADDED ENTRY ELEMENTS (KOHA)
Koha item type Book - Borrowing
Source of classification or shelving scheme Dewey Decimal Classification
Holdings
Withdrawn status Lost status Source of classification or shelving scheme Damaged status Not for loan Collection code Home library Current library Shelving location Date acquired Source of acquisition Total Checkouts Full call number Barcode Date last seen Date checked out Price effective from Koha item type
    Dewey Decimal Classification     Alahram Central Library Central Library First floor 07/02/2007 Purchase 1 515.352 SWI 000002384 15/07/2025 05/05/2010 07/02/2007 Book - Borrowing